Flowering plants of Travancore (Record no. 19638)

MARC details
000 -LEADER
fixed length control field 00275nam a2200109Ia 4500
082 ## - DEWEY DECIMAL CLASSIFICATION NUMBER
Classification number 582.4 (548.3)
Item number RAM
100 ## - MAIN ENTRY--AUTHOR NAME
Personal name RAMA RAO, M
245 #0 - TITLE STATEMENT
Title Flowering plants of Travancore
260 ## - PUBLICATION, DISTRIBUTION, ETC. (IMPRINT)
Place of publication Dehradun
Name of publisher Bishensingh
942 ## - ADDED ENTRY ELEMENTS (KOHA)
Koha item type Books
Holdings
Withdrawn status Lost status Damaged status Not for loan Home library Current library Date acquired Full call number Accession Number Koha item type
        RRII Library RRII Library 16/12/2021 582.4 (548.3) RAM 00371 Books